| 000 | 01162cab a2200337 4500 | ||
|---|---|---|---|
| 001 | ABS59013 | ||
| 008 | 090401t1998 xxu||||| |||| 00| 0 eng d | ||
| 035 | _a(Sirsi) u87465 | ||
| 041 | _aeng | ||
| 245 | _aPurchase and leaseback revolution | ||
| 260 | _c1998 | ||
| 350 | _a0 | ||
| 490 |
_aProperty Forecast _v1(4) July 1998, 4-5(2) |
||
| 520 | _aDiscusses the move towards sale and leaseback in the nursing home market.Highlights the case of Nursing Home Properties (NHP), who have been active in the purchase of care homes, and comments on typical lease terms. Considers the trend towards new specialist purpose-built nursing homes and away from smaller operators. | ||
| 650 | _aEUROPE | ||
| 650 | _aFRI LEASES | ||
| 650 | _aNURSING HOME MARKET | ||
| 650 | _aPROPERTY ASSETS | ||
| 650 | _aREGULATIONS | ||
| 650 | _aREITS | ||
| 650 | _aSALE AND LEASEBACK | ||
| 650 | _aSECURITISATION | ||
| 650 | _aSPAIN | ||
| 650 | _aSTANDARDS | ||
| 650 | _aTURNOVER RENTS | ||
| 650 | _aUNITED KINGDOM | ||
| 650 | _aYIELD | ||
| 690 | _aPROPERTY-COMMERCIAL PROPERTY-COMMERCIAL PROPERTY FINANCE AND INVESTMENT | ||
| 942 | _n0 | ||
| 948 | _c16/07/1998 | ||
| 999 |
_c55163 _d55163 |
||